| 000 | 00968nam a22002657a 4500 | ||
|---|---|---|---|
| 001 | 7977 | ||
| 003 | FISKH | ||
| 005 | 20250815145443.0 | ||
| 008 | 250815b cb ||||| |||| 00| 0 eng d | ||
| 020 | _a9788120749153 | ||
| 040 |
_aFISKH _beng _cFISKH _dFISKH |
||
| 050 | _aPZ7 | ||
| 100 | _aVinyoli, Joan Y Albert | ||
| 245 |
_aThe big book dectectives / _cTexts by Joan Y Albert Vinyoli : Illustrations Felieiano G. Zecchin |
||
| 250 | _aFirst Edition : October, 2008 | ||
| 260 | _c2009. | ||
| 300 |
_a109 pages : _bcolor illustrations ; _c29 cm . |
||
| 505 | _aR | ||
| 520 | _aFull color. With this brilliant book, you will discover what the greatest fictional investigators, and the people who created them, were like, and will follow the incredible cases they worked on with success. | ||
| 521 | 8 |
_a750
_bLexile estimate |
|
| 521 | 8 |
_aR
_bRaz-Plus |
|
| 700 |
_aZecchi, Feliciano G. _eIllustrator |
||
| 942 |
_2ddc _cBK _n0 |
||
| 999 |
_c7977 _d7977 |
||